| 000 | 00000nam##2200000za#4500 |
| 001 | 9.568452 |
| 003 | CaOODSP |
| 005 | 20210624181258 |
| 007 | cr ||||||||||| |
| 008 | 150406|2002||||xxc|||||o f|0| 0 eng|d |
| 040 | |aCaOODSP|beng |
| 043 | |an-cn--- |
| 086 | 1 |aBT31-2/2002-III-4E-PDF |
| 110 | 1 |aCanada. |bTreasury Board. |
| 245 | 10|aCanadian Radio-television and Telecommunications Commission, 2001-2002 estimates. Part III, Report on plans and priorities |h[electronic resource] |
| 260 | |aOttawa - Ontario : |bTreasury Board of Canada Secretariat |cc2001. |
| 300 | |a41p.|btables |
| 490 | 1 |a2001-2002 estimates. Part III, Report on plans and priorities |v2001-2002 |
| 500 | |aThe catalogue number (BT31-2/2002-III-4) and ISBN (0-660-61449-9) for the bilingual print edition have been incorrectly copied in this electronic publication. |
| 590 | |a10-11-Supp|b2010-11-10 |
| 775 | 08|tConseil de la radiodiffusion et des télécommunications canadiennes, budget des dépenses 2001-2002. Partie III, Rapport sur les plans et les priorités |w(CaOODSP)9.599730 |
| 776 | 0#|tConseil de la radiodiffusion et des télécommunications canadiennes |w(CaOODSP)9.534331 |
| 776 | 0#|tCanadian Radio-television and Telecommunications Commission |w(CaOODSP)9.534330 |
| 830 | #0|a2001-2002 estimates. Part III, Report on plans and priorities ;|v2001-2002|w(CaOODSP)9.506174 |
| 856 | 40|ahttp://publications.gc.ca|qPDF|s183 KB|uhttps://publications.gc.ca/collections/Collection/BT31-2-2002-III-4E.pdf|y2001-2002 |